House prices rise by third. (Record no. 61647)

MARC details
000 -LEADER
fixed length control field 00763cam a2200181 4500
001 - CONTROL NUMBER
control field WB3535-19
008 - FIXED-LENGTH DATA ELEMENTS--GENERAL INFORMATION
fixed length control field 000000n1999 000 0 eng u
035 ## - SYSTEM CONTROL NUMBER
System control number (Sirsi) u102652
245 ## - TITLE STATEMENT
Title House prices rise by third.
260 ## - PUBLICATION, DISTRIBUTION, ETC.
Date of publication, distribution, etc. 1999
490 ## - SERIES STATEMENT
Series statement Times Weekend
Volume/sequential designation 4 September 1999, 1(1)
520 ## - SUMMARY, ETC.
Summary, etc. An independent report by Deutsche Bank warns that house prices in Britain will rise by almost a third by the end of next year unless the Bank of England raises interest rates sharply. The report predicts that prices could rise by another 30% over the next sixteen months if the Bank does not implement rate rises of at least 6.5%.
650 ## - SUBJECT ADDED ENTRY--TOPICAL TERM
Topical term or geographic name entry element INTEREST RATES
650 ## - SUBJECT ADDED ENTRY--TOPICAL TERM
Topical term or geographic name entry element BANK OF ENGLAND
650 ## - SUBJECT ADDED ENTRY--TOPICAL TERM
Topical term or geographic name entry element HOUSE PRICES
690 ## - LOCAL SUBJECT ADDED ENTRY--TOPICAL TERM (OCLC, RLIN)
Topical term or geographic name as entry element HOUSING
942 ## - ADDED ENTRY ELEMENTS (KOHA)
Suppress in OPAC 0
Holdings
Withdrawn status Lost status Source of classification or shelving scheme Damaged status Not for loan Home library Current library Shelving location Date acquired Total Checkouts Full call number Barcode Date last seen Copy number Price effective from Koha item type
    Dewey Decimal Classification     London London News article 23/11/1999   WB3535-19 102652-1001 06/08/2019 1 06/08/2019 News article